02020cam a2200589 4500001001400000005001700014008004100031020003100072035004100103035002700144035002800171040003200199041000800231044001100239072005900250080001600309080002000325080001900345080001800364080002100382080001800403080002100421080001600442245011300458246005100571264005500622300006100677336002600738337002900764338002900793500006000822648003000882648003200912650002200944650002400966650002500990650002501015650002101040650002901061650003601090650002201126650002801148651002401176651002301200651003701223655002101260655003101281655002201312655002101334700003601355700003901391vtls01183698520220427113934.0210624s2018 xo oac gr 000 jdslo  a9788097291310q(viazané) aFEA588F1-F9DD-4B0F-98AD-5D30DC5C6979 aurn:nbn:sk:snk-am3ie15 aurn:nbn:sk:snk-am00e6he aSVKPObslocSVKPOdSNKerda0 aslo axocSK 7a91xGeografia ako veda. Výskum. Cestovanie2konspekt a910.422011 a910.4-05122011 a(=162.4)22011 a(437.6)22011 a(0:82-992)22011 a(093.3)22011 a910.4(091)22011 a(100)2201100aCestopisné denníkybzblízka i zďaleka, z monarchie i republikycJán Golian, Rastislav Molda (eds.)30aZblízka i zďaleka, z monarchie i republiky 1aBanská BystricabSociety for Human Studiesc2018 a286 stránbfotografie, ilustrácie, portrétyc25 cm atextbtxt2rdacontent abez médiabn2rdamedia azväzokbnc2rdacarrier aObsahuje biografické informácie o zostavovateľoch 7a19.-20. storočie2SNKPH 7a19-20th centuries2SNKPHeng07acestovanie2SNKPH07acestovatelia2SNKPH07aTravelling2SNKPHeng07aTravellers2SNKPHeng07aSlováci2SNKPH07adejiny cestovania2SNKPH07aHistory of travelling2SNKPHeng07aSlovaks2SNKPHeng 7akrajiny sveta2SNKPHgeo 7aSlovensko2SNKPHgeo 7aSlovakia2SNKPHeng 7aCountries of the world2SNKPHeng 7acestopisy2SNKPH 7aBooks of travels2SNKPHeng 7aDiaries2SNKPHeng 7adenníky2SNKPH1 aGolian, Ján,d1986-4edt4aui1 aMolda, Rastislav,d1986-4edt4aui